[Event "AUTO-MASTER-2969"]
[Site "http://www.queenalice.com/game.php?id=1618020"]
[Date "2020.6.25"]
[Round "1"]
[White "kingdave"]
[Black "Bruscato"]
[Result "0-1"]
[WhiteElo "2265"]
[BlackElo "2306"]

1. e4 c5 2. Nc3 e6 3. g3 Nf6 4. Bg2 d6 5. f4 Be7 6. Nf3 O-O 7. O-O Nc6 8. d3 Bd7
9. h3 Rc8 10. g4 d5 11. exd5 Nxd5 12. Bd2 Nxc3 13. Bxc3 b5 14. a3 b4 15. Bd2
bxa3 16. Rxa3 Qc7 17. Qa1 Rb8 18. Ne5 c4 19. Nxc6 Bxc6 20. Rc3 Bxg2 21. Kxg2
Qb7+ 22. Kg3 cxd3 23. Rb3 Qc7 24. Rc3 Qb6 25. cxd3 Rfd8 26. Rb1 Bh4+ 0-1

[Event "AUTO-MASTER-2969"]
[Site "http://www.queenalice.com/game.php?id=1618031"]
[Date "2020.6.25"]
[Round "1"]
[White "sia"]
[Black "kingdave"]
[Result "0-1"]
[WhiteElo "1859"]
[BlackElo "2238"]

1. e4 Nf6 2. d3 e5 3. Nf3 d5 4. exd5 Nxd5 5. Be2 Nc6 6. O-O Be7 7. Nc3 O-O 8.
Be3 Nxe3 9. fxe3 Bc5 10. Ne4 Bxe3+ 11. Kh1 f5 12. Nc3 f4 13. Ne4 a5 14. c3 b5
15. Qb3+ Kh8 16. Qxb5 Bd7 17. Nxe5 Nxe5 18. Qxe5 Rf5 19. Ng5 Rxg5 20. Qe4 Ra6
21. Bf3 Bc6 22. Qc4 Bxf3 23. Rxf3 Rag6 24. g3 h5 25. d4 h4 26. Qf1 hxg3 27. hxg3
Rxg3 28. Rxg3 Rxg3 29. Qe2 Qh4+ 30. Qh2 Rh3 31. Qxh3 Qxh3# 0-1

[Event "AUTO-MASTER-2969"]
[Site "http://www.queenalice.com/game.php?id=1618032"]
[Date "2020.6.25"]
[Round "1"]
[White "kingdave"]
[Black "sia"]
[Result "1-0"]
[WhiteElo "2237"]
[BlackElo "1881"]

1. e4 e5 2. Nf3 d6 3. d4 f6 4. Bc4 Ne7 5. dxe5 fxe5 6. Nxe5 dxe5 7. Bf7+ Kxf7 8.
Qxd8 c6 9. O-O Nd7 10. Qa5 b6 11. Qc3 g6 12. Bg5 Bg7 13. Bxe7 Kxe7 14. Na3 Bb7
15. Rad1 Nc5 16. Qd2 Rad8 17. Qg5+ Bf6 18. Qg4 Bc8 19. Qe2 Ba6 20. c4 Rxd1 21.
Rxd1 Rd8 22. Rxd8 Kxd8 23. b4 Na4 24. Qd1+ Kc7 25. Qxa4 Bb7 26. b5 cxb5 27.
Nxb5+ Kd8 28. Qd1+ Kc8 29. Nd6+ Kb8 30. Nxb7 Kxb7 31. Qd7+ Ka6 32. Qxh7 g5 33.
Qf5 Bd8 34. Qc8+ Ka5 35. Qxd8 1-0

[Event "AUTO-MASTER-2969"]
[Site "http://www.queenalice.com/game.php?id=1618039"]
[Date "2020.6.25"]
[Round "1"]
[White "kingdave"]
[Black "Scharlatan"]
[Result "1/2-1/2"]
[WhiteElo "2241"]
[BlackElo "2014"]

1. d4 d5 2. Bf4 c5 3. e3 Bf5 4. Bd3 e6 5. c3 Bxd3 6. Qxd3 cxd4 7. cxd4 Bd6 8.
Qb5+ Qd7 9. Qxd7+ Kxd7 10. Ne2 Nf6 11. Nbc3 Nh5 12. Bxd6 Kxd6 13. Rc1 a6 14. O-O
Nc6 15. a3 b5 16. Ra1 Rhc8 17. b4 Ne7 18. Rfb1 Rc4 19. a4 bxa4 20. Nxa4 Rb8 21.
Nc5 Rcxb4 22. Rxb4 Rxb4 23. Rxa6+ Nc6 24. g4 Nf6 25. h3 Nd7 26. Nxd7 Kxd7 27.
Nc3 Rb7 28. Na4 Kc7 29. Nc5 Rb6 30. Rxb6 Kxb6 31. f4 g6 32. Kf2 Kc7 1/2-1/2

[Event "AUTO-MASTER-2969"]
[Site "http://www.queenalice.com/game.php?id=1618040"]
[Date "2020.6.25"]
[Round "1"]
[White "Scharlatan"]
[Black "kingdave"]
[Result "0-1"]
[WhiteElo "2060"]
[BlackElo "2235"]

1. Nf3 c5 2. c4 b6 3. g3 Bb7 4. Bg2 g6 5. Nc3 Bg7 6. O-O Nf6 7. d4 cxd4 8. Nxd4
Bxg2 9. Kxg2 O-O 10. e4 Qc7 11. Qd3 Nc6 12. Nxc6 Qxc6 13. Nd5 Nxd5 14. cxd5 Qd6
15. Rb1 Rac8 16. Rd1 f5 17. Bf4 Be5 18. Bxe5 Qxe5 19. exf5 Rxf5 20. b4 Rc3 21.
Qd2 Qe4+ 22. Kg1 Rc2 23. Qe3 Qxe3 24. fxe3 Rff2 25. d6 Rg2+ 26. Kf1 Rxh2 27. Kg1
Rcg2+ 28. Kf1 Rxa2 29. Kg1 Rhd2 30. dxe7 Kf7 31. Rxd2 Rxd2 32. e8=Q+ Kxe8 33.
Ra1 Rb2 34. Rxa7 Rxb4 35. Ra8+ Kf7 36. Rd8 Ke7 37. Rh8 h5 38. Rh7+ Kd6 39. Rg7
Rg4 40. Kf2 Kc6 0-1

[Event "AUTO-MASTER-2950"]
[Site "http://www.queenalice.com/game.php?id=1621530"]
[Date "2020.7.25"]
[Round "2"]
[White "punk"]
[Black "kingdave"]
[Result "0-1"]
[WhiteElo "2079"]
[BlackElo "2226"]

1. d4 Nf6 2. c4 e6 3. Nf3 a6 4. g3 b5 5. b3 Bb7 6. Bg2 Bb4+ 7. Bd2 Be7 8. O-O c5
9. e3 bxc4 10. bxc4 O-O 11. Nc3 cxd4 12. exd4 d5 13. c5 Ne4 14. Rc1 Nc6 15. Nxe4
dxe4 16. Ne5 Nxe5 17. dxe5 Rc8 18. Be3 Qxd1 19. Rfxd1 Bd5 20. Rd2 Rc6 21. Rb2 h6
22. Rb6 Rfc8 23. Rxc6 Rxc6 24. h4 f6 25. exf6 gxf6 0-1

[Event "AUTO-MASTER-2950"]
[Site "http://www.queenalice.com/game.php?id=1621531"]
[Date "2020.7.25"]
[Round "2"]
[White "kingdave"]
[Black "punk"]
[Result "1-0"]
[WhiteElo "2234"]
[BlackElo "2069"]

1. d4 d5 2. Bf4 Nf6 3. e3 e6 4. Nf3 Bd6 5. Bg3 c5 6. Nbd2 cxd4 7. exd4 O-O 8. c3
Nc6 9. Bb5 a6 10. Bd3 b5 11. a3 Qc7 12. Qc2 e5 13. dxe5 Nxe5 14. Nxe5 Bxe5 15.
O-O-O Be6 16. Nf3 Bf4+ 17. Kb1 Rfc8 18. Bh4 b4 19. axb4 a5 20. Bg3 axb4 21. Bxf4
Qxf4 22. Qd2 Qxd2 23. Rxd2 bxc3 24. Rc2 cxb2 25. Rxb2 Ne4 26. Bxe4 1-0

[Event "AUTO-MASTER-2950"]
[Site "http://www.queenalice.com/game.php?id=1621534"]
[Date "2020.7.25"]
[Round "2"]
[White "kingdave"]
[Black "grepovsky"]
[Result "1-0"]
[WhiteElo "2231"]
[BlackElo "2158"]

1. e4 c5 2. Nf3 d6 3. d4 cxd4 4. Nxd4 Nf6 5. Nc3 a6 6. Be3 e6 7. Qd2 b5 8. f3
Bb7 9. g4 h6 10. h4 Nbd7 11. O-O-O Nb6 12. Bd3 d5 13. g5 Nfd7 14. gxh6 gxh6 15.
exd5 Nxd5 16. Rhe1 Nxe3 17. Rxe3 Qb6 18. Nxe6 Be7 19. Ng7+ Kf8 20. Nf5 Bc5 21.
Be4 Bxe3 22. Nxe3 Bxe4 23. Nxe4 Ra7 24. Nd6 Qc5 25. Nef5 Rc7 26. Re1 h5 27. Re8#
1-0

[Event "AUTO-MASTER-2950"]
[Site "http://www.queenalice.com/game.php?id=1621535"]
[Date "2020.7.25"]
[Round "2"]
[White "grepovsky"]
[Black "kingdave"]
[Result "1-0"]
[WhiteElo "2174"]
[BlackElo "2204"]

1. Nf3 c5 2. c4 d6 3. e3 g6 4. Nc3 Bg7 5. Be2 Nc6 6. d4 e6 7. O-O Nf6 8. d5 exd5
9. cxd5 Ne7 10. e4 O-O 11. Nd2 Ne8 12. Nc4 f5 13. f3 Bd4+ 14. Be3 fxe4 15. fxe4
Bxe3+ 16. Nxe3 Rxf1+ 17. Qxf1 a6 18. Qf4 b5 19. Rf1 Ng7 20. Qf7+ Kh8 21. Qf8+
Qxf8 22. Rxf8+ Ng8 23. Rd8 Bb7 24. Rxd6 Re8 25. Bf3 Nh5 26. a4 b4 27. Ne2 Ngf6
28. Bxh5 Nxh5 29. Kf2 Rf8+ 30. Ke1 Kg7 31. Rd7+ Rf7 32. Rxf7+ Kxf7 33. e5 Ke7
34. g4 Ng7 35. Kd2 a5 36. Ng3 Ne8 37. Ne4 Kd8 38. Nxc5 Kc7 39. Nxb7 Kxb7 40. Kd3
Nc7 41. Kd4 Ne8 42. Nc4 1-0

[Event "AUTO-MASTER-2733"]
[Site "http://www.queenalice.com/game.php?id=1641247"]
[Date "2021.1.23"]
[Round "3"]
[White "kingdave"]
[Black "Anusha"]
[Result "0-1"]
[WhiteElo "2191"]
[BlackElo "2093"]

1. e4 e6 2. d4 d5 3. Nc3 Nf6 4. e5 Nfd7 5. f4 c5 6. Nf3 a6 7. Be3 Nc6 8. Qd2 b5
9. a3 Be7 10. Be2 Bb7 11. O-O Qb6 12. dxc5 Bxc5 13. Bxc5 Qxc5+ 14. Kh1 Rc8 15.
f5 exf5 0-1

[Event "AUTO-MASTER-2733"]
[Site "http://www.queenalice.com/game.php?id=1641248"]
[Date "2021.1.23"]
[Round "3"]
[White "Anusha"]
[Black "kingdave"]
[Result "1-0"]
[WhiteElo "2054"]
[BlackElo "2176"]

1. d4 Nf6 2. Bf4 c5 3. e3 Qb6 4. b3 d5 5. Nf3 Nc6 6. c3 Bg4 7. Be2 e6 8. O-O Be7
9. Nbd2 O-O 10. h3 Bh5 11. g4 Bg6 12. Nh4 Ne4 13. Nxe4 Bxe4 14. Nf3 cxd4 15.
cxd4 Qd8 16. Bg3 f5 17. Nd2 Bd6 18. Bxd6 1-0

[Event "AUTO-MASTER-2733"]
[Site "http://www.queenalice.com/game.php?id=1641249"]
[Date "2021.1.23"]
[Round "3"]
[White "kingdave"]
[Black "Pagano"]
[Result "0-1"]
[WhiteElo "2219"]
[BlackElo "2113"]

1. e4 c6 2. d4 d5 3. e5 Bf5 4. Nf3 e6 5. c3 Nd7 6. Be2 Ne7 7. O-O c5 8. b3 Nc6
9. Be3 cxd4 10. Nxd4 Ndxe5 11. Nxf5 exf5 12. Re1 Be7 13. Bb5 O-O 14. Nd2 a6 15.
Bxc6 bxc6 16. Bd4 Ng6 17. Rc1 Nf4 18. Nf3 c5 19. Be3 Ne6 20. Qd2 Qd6 21. Rcd1 f4
0-1

[Event "AUTO-MASTER-2733"]
[Site "http://www.queenalice.com/game.php?id=1641250"]
[Date "2021.1.23"]
[Round "3"]
[White "Pagano"]
[Black "kingdave"]
[Result "1-0"]
[WhiteElo "2095"]
[BlackElo "2235"]

1. e4 Nf6 2. e5 Nd5 3. Nf3 d6 4. c4 Nb6 5. d4 Bg4 6. Nc3 e6 7. Be2 dxe5 8. Nxe5
Bxe2 9. Nxe2 N8d7 10. Nxd7 Qxd7 11. Qc2 Qc6 12. c5 Nd5 13. Bd2 Be7 14. O-O O-O
15. b4 Qb5 16. Ng3 Bf6 17. a4 Qd7 18. Ne2 c6 19. Rfc1 Rfe8 20. Qc4 e5 21. dxe5
Bxe5 22. Bc3 Nxc3 23. Nxc3 Qd2 24. Ne4 1-0

[Event "AUTO-MASTER-2733"]
[Site "http://www.queenalice.com/game.php?id=1641251"]
[Date "2021.1.23"]
[Round "3"]
[White "kingdave"]
[Black "ymfrancois"]
[Result "1-0"]
[WhiteElo "2160"]
[BlackElo "2005"]

1. e4 e5 2. Nf3 Nf6 3. Nxe5 d6 4. Nf3 Nxe4 5. d4 Be7 6. c4 d5 7. Nc3 Bb4 8. Qb3
Bxc3+ 9. bxc3 c6 10. cxd5 cxd5 11. Bd3 O-O 12. O-O b6 13. Ne5 Be6 14. Qc2 f5 15.
c4 Nd7 16. Nc6 Qc7 17. cxd5 Nb8 18. Nxb8 Qxc2 19. Bxc2 Bxd5 20. Nd7 Rfd8 21. Ne5
b5 22. f3 Nd6 23. Bb3 Bxb3 24. axb3 b4 25. Ra4 Nb5 26. Nc6 Re8 27. Nxb4 1-0

[Event "AUTO-MASTER-2733"]
[Site "http://www.queenalice.com/game.php?id=1641252"]
[Date "2021.1.23"]
[Round "3"]
[White "ymfrancois"]
[Black "kingdave"]
[Result "0-1"]
[WhiteElo "2054"]
[BlackElo "2228"]

1. e4 c5 2. Bc4 e6 3. Nf3 a6 4. O-O b5 5. Be2 Bb7 6. d4 Bxe4 7. Nc3 Bb7 8. dxc5
Bxc5 9. a3 Nf6 10. Ng5 h6 11. Nge4 Nxe4 0-1

[Event "AUTO-OPEN-4539"]
[Site "http://www.queenalice.com/game.php?id=1840804"]
[Date "2024.7.24"]
[Round "1"]
[White "kingdave"]
[Black "gh1"]
[Result "0-1"]
[WhiteElo "2128"]
[BlackElo "1724"]

1. e4 e6 2. c4 d5 3. cxd5 exd5 4. Qa4+ Nd7 5. exd5 Nf6 6. Bc4 Bd6 7. Ne2 O-O 8.
O-O Bxh2+ 9. Kxh2 Ng4+ 10. Kg3 Ndf6 11. Nf4 Qd6 12. Be2 Nh5+ 13. Kf3 Nhf6 0-1

[Event "AUTO-OPEN-4539"]
[Site "http://www.queenalice.com/game.php?id=1840805"]
[Date "2024.7.24"]
[Round "1"]
[White "gh1"]
[Black "kingdave"]
[Result "1-0"]
[WhiteElo "1694"]
[BlackElo "2151"]

1. d4 e6 2. e4 d5 3. Nc3 h6 4. Bd3 c5 5. exd5 exd5 6. dxc5 Bxc5 7. Bb5+ Nc6 8.
Qxd5 Qe7+ 9. Nge2 Bd7 10. Ne4 Nf6 11. Qxc5 Qxe4 12. Be3 Qb4+ 13. Nc3 Qxc5 14.
Bxc5 O-O-O 15. O-O-O 1-0

[Event "AUTO-OPEN-4539"]
[Site "http://www.queenalice.com/game.php?id=1840806"]
[Date "2024.7.24"]
[Round "1"]
[White "kingdave"]
[Black "game"]
[Result "1-0"]
[WhiteElo "2168"]
[BlackElo "1441"]

1. e4 d6 2. d4 Nc6 3. d5 Nd4 4. Qxd4 e5 5. dxe6 fxe6 6. Nf3 e5 7. Qd1 Bg4 8. Be2
h5 9. Bg5 Be7 10. Bxe7 Nxe7 11. Nc3 Nc6 12. h3 Bxf3 13. Bxf3 Nd4 14. Bxh5+ Kf8
15. Ne2 Qg5 16. Nxd4 exd4 17. Bf3 Re8 18. Qxd4 c5 19. Qxd6+ Kf7 20. Qd2 Qe5 21.
O-O-O Rd8 22. Qe2 Rd4 23. Rxd4 cxd4 24. Qc4+ Kf6 25. Rd1 b5 26. Qxd4 Qxd4 27.
Rxd4 a5 28. Rd5 Rb8 29. Be2 b4 30. Rxa5 Re8 31. Ra6+ 1-0

[Event "AUTO-OPEN-4539"]
[Site "http://www.queenalice.com/game.php?id=1840807"]
[Date "2024.7.24"]
[Round "1"]
[White "game"]
[Black "kingdave"]
[Result "0-1"]
[WhiteElo "1481"]
[BlackElo "2167"]

1. e4 c5 2. Bc4 e6 3. Nf3 d5 4. exd5 exd5 5. Bb5+ Nc6 6. Ne5 Bd7 7. Qe2 Be7 8.
d4 Nf6 9. c3 O-O 10. Bd3 cxd4 11. c4 Bb4+ 12. Nd2 Nxe5 13. Qxe5 Re8 14. Bxh7+
Nxh7 0-1

[Event "AUTO-OPEN-4539"]
[Site "http://www.queenalice.com/game.php?id=1840808"]
[Date "2024.7.24"]
[Round "1"]
[White "kingdave"]
[Black "tariann"]
[Result "0-1"]
[WhiteElo "2160"]
[BlackElo "2264"]

1. e4 e5 2. Nf3 Nc6 3. Bc4 Be7 4. d4 exd4 5. c3 d6 6. Qb3 Na5 7. Bxf7+ Kf8 8.
Qa4 c6 9. Bxg8 Rxg8 10. cxd4 b5 11. Qc2 Bg4 12. Qc3 Rc8 13. O-O c5 14. Qe3 Be6
15. d5 Bf7 0-1

[Event "AUTO-OPEN-4539"]
[Site "http://www.queenalice.com/game.php?id=1840809"]
[Date "2024.7.24"]
[Round "1"]
[White "tariann"]
[Black "kingdave"]
[Result "1-0"]
[WhiteElo "2254"]
[BlackElo "2169"]

1. e4 c5 2. Nf3 e6 3. d4 cxd4 4. Nxd4 Bc5 5. Nb3 Bb6 6. Be2 Ne7 7. O-O O-O 8. c4
f5 9. Nc3 Nbc6 10. c5 Bc7 11. exf5 Nxf5 12. Ne4 Qh4 13. Nd6 b6 14. g3 Qe7 15.
Nxf5 Rxf5 16. cxb6 Bxb6 17. Bd3 Rd5 18. Qe2 Bb7 19. Qe4 Rf5 20. Qe2 Raf8 21.
Bxf5 Rxf5 22. Be3 1-0